LEADER 00985nam0-22003611i-450- 001 990003021190403321 005 20050309135416.0 035 $a000302119 035 $aFED01000302119 035 $a(Aleph)000302119FED01 035 $a000302119 100 $a20030910d1959----km-y0itay50------ba 101 0 $aeng 105 $aa-------001yy 200 1 $aBusiness Conditions Analysis$fby John P. Lewis 210 $aNew York$cMcGraw-Hill$d1959 215 $aXII, 602 p.$cill.$d23 cm 610 0 $aContabilità nazionale$aStati Uniti 610 0 $aPrevisioni$aStati Uniti 676 $aF/1.221 676 $a330.12$v11 rid.$zita 676 $aF/2.1 676 $aF/2.5 700 1$aLewis,$bJohn P.$0114883 801 0$aIT$bUNINA$gRICA$2UNIMARC 901 $aBK 912 $a990003021190403321 952 $aF/1.221 LEW$b015057$fSES 952 $aXV H 685$b57787$fFGBC 959 $aSES 959 $aFGBC 996 $aBusiness Conditions Analysis$9467218 997 $aUNINA LEADER 03355nam 2200661 a 450 001 9910144665903321 005 20230213211631.0 010 $a1-280-78409-1 010 $a9786613694485 010 $a0-470-72081-6 010 $a0-470-71851-X 035 $a(CKB)1000000000688038 035 $a(EBL)703920 035 $a(OCoLC)797918507 035 $a(SSID)ssj0000715331 035 $a(PQKBManifestationID)11410203 035 $a(PQKBTitleCode)TC0000715331 035 $a(PQKBWorkID)10703091 035 $a(PQKB)10829146 035 $a(MiAaPQ)EBC703920 035 $a(Au-PeEL)EBL703920 035 $a(CaPaEBR)ebr10575442 035 $a(CaONFJC)MIL369448 035 $a(EXLCZ)991000000000688038 100 $a19831207d1983 uy 0 101 0 $aeng 135 $aur|n|---||||| 181 $ctxt 182 $cc 183 $acr 200 10$aDevelopment of the vascular system$b[electronic resource] /$f[editors: Jonathan Nugent (organizer) and Maeve O'Connor] 210 $aLondon $cPitman ;$aNewark, N.J. $cDistributed in North American by CIBA Pharmaceutical Co. (Medical Education Department)$d1983 215 $a1 online resource (266 p.) 225 1 $aCiba Foundation symposium ;$v100 300 $a"Symposium on Development of the vascular system, held at the Ciba Foundation, London, 11-13 January 1983"--Contents page. 311 $a0-470-66418-5 311 $a0-272-79732-4 320 $aIncludes bibliographical references and indexes. 327 $aDevelopment of the vascular system; Contents; Chairman's introduction; Control of early embryonic heart morphogenesis: a hypothesis; Discussion; Patterns of vascularization in the developing cerebral cortex; Discussion; The pattern of elastin in the aorta and large arteries of mammals; Discussion; 'Structural autoregulation'-the local adaptation of vascular beds to chronic changes in pressure; Discussion; Physical factors and angiogenesis; Discussion; General discussion I; Vascularization of experimental tumours; Discussion; Role of mast cells in experimental tumour angiogenesis; Discussion 327 $aThe role of heparin in angiogenesisDiscussion; Degradation of basement membrane components by vascular endothelial cells: role in neovascularization; Discussion; Inhibition of neovascularization by a cartilage factor; Discussion; General discussion II; Tumour angiogenesis factors; Endothelial cell markers; Morphogenesis; General discussion III; Endothelial cell regeneration in hypertension and hypercholesterolaemia; A hypothesis of atherogenesis; Pathological vascularization of the coronary intima; Discussion; Maldevelopments of the vascular system: clinical conundrums; Discussion 327 $aIndex of contributorsSubject index 410 0$aCiba Foundation symposium ;$v100. 606 $aMorphogenesis$vCongresses 606 $aCardiovascular system$vCongresses 606 $aDevelopmental biology$vCongresses 615 0$aMorphogenesis 615 0$aCardiovascular system 615 0$aDevelopmental biology 676 $a573.216 701 $aNugent$b Jonathan$0845868 701 $aO'Connor$b Maeve$0284912 801 0$bMiAaPQ 801 1$bMiAaPQ 801 2$bMiAaPQ 906 $aBOOK 912 $a9910144665903321 996 $aDevelopment of the vascular system$92190304 997 $aUNINA LEADER 01592nas 2200397 n 450 001 990009003890403321 005 20240229084342.0 011 $a0268-8638 035 $a000900389 035 $aFED01000900389 035 $a(Aleph)000900389FED01 035 $a000900389 091 $2CNR$aP 00056008 100 $a20161109a19419999km-y0itaa50------ba 101 0 $aeng 102 $aGB 110 $aauu-------- 200 1 $aMediaeval and Renaissance studies 207 1$a1941- 210 $aWorchester - London$c[s.n.] 421 0$1001000900390$12001$aMediaeval and Renaissance studies. Supplement 530 0 $aMediaeval and Renaissance studies 675 $a940.1 675 $a7 675 $a940 712 02$aUniversity of London$bWarburg Institute 801 0$aIT$bACNP$c20090723 859 4 $uhttp://acnp.cib.unibo.it/cgi-ser/start/it/cnr/dc-p1.tcl?catno=38197&person=false&language=ITALIANO&libr=&libr_th=unina1$zBiblioteche che possiedono il periodico 901 $aSE 912 $a990009003890403321 958 $aBRAU. Biblioteca di Ricerca di Area Umanistica$b1950;1954;1958;1961;1968;$eGRAN BRETAGNA 13$fFLFBC 959 $aFLFBC 996 $aMediaeval and Renaissance studies$9791645 997 $aUNINA AP1 8 $6866-01$aNA072 BRAU. Biblioteca di Ricerca di Area Umanistica$bGRAN BRETAGNA 13$ePiazza Bellini 56/60, 80133 Napoli (NA)$m(081) 2533948$nit AP2 40$aacnp.cib.unibo.it$nACNP Italian Union Catalogue of Serials$uhttp://acnp.cib.unibo.it/cgi-ser/start/it/cnr/df-p.tcl?catno=38197&language=ITALIANO&libr=&person=&B=1&libr_th=unina&proposto=NO